Computer Aided Manufacturing (Record no. 57725)

MARC details
000 -LEADER
fixed length control field 00444nam a2200181Ia 4500
008 - FIXED-LENGTH DATA ELEMENTS--GENERAL INFORMATION
fixed length control field 230524s9999 xx 000 0 und d
020 ## - INTERNATIONAL STANDARD BOOK NUMBER
ISBN 9780074631034
082 ## - DEWEY DECIMAL CLASSIFICATION NUMBER
Item number RAO
100 ## - MAIN ENTRY--AUTHOR NAME
Personal name P.N.Rao
245 #0 - TITLE STATEMENT
Title Computer Aided Manufacturing
250 ## - EDITION STATEMENT
Edition statement 21
260 ## - PUBLICATION, DISTRIBUTION, ETC. (IMPRINT)
Place of publication New Delhi
Name of publisher TMH
Year of publication 2013
300 ## - PHYSICAL DESCRIPTION
Number of Pages "XIII,409p;"
500 ## - GENERAL NOTE
General note Quantity Number: 1
650 ## - SUBJECT ADDED ENTRY--TOPICAL TERM
Topical Term Mechanics
700 ## - ADDED ENTRY--PERSONAL NAME
Personal name " T.K.Kundra, N.K.Tewari "
942 ## - ADDED ENTRY ELEMENTS (KOHA)
Koha item type Books
Holdings
Lost status Damaged status Permanent Location Current Location Shelving location Date acquired Full call number Accession Number Koha item type
    Central Library, Trident Academy of Technology Central Library, Trident Academy of Technology General Stacks 05/24/2023 RAO 54090 Books
Trident Academy of Technology © 2023.
All rights reserved.                                                                                                                                                                                                        Designed by Team of Central Library .

Powered by Koha